000 00838nam a2200229Ia 4500
001 19570
003 GE_BSU
008 181216s||||||||xx |||||||||||||| ||und||
040 _cGE_BSU
080 _a005.575
100 _aხიზანიშვილი, ს., ყულიჯანაშვილი, ა. წიქარიძე, ლ.
245 _aსაქმიანი ურთიერთობების კულტურა
245 _cსაერთო რედ. რ. ჯორბენაძე
260 _aთბილისი
260 _c2007
300 _a207გვ.
541 _h7ლ.35თ.
653 _aბიბლიოთეკარი
653 _aსაქმიანი ურთიერთობების კულტურა
653 _aქსეროქსი
942 _cBK
999 _c52546
_d52546